<?xml version="1.0" encoding="UTF-8"?>
<record
    xmlns:xsi="http://www.w3.org/2001/XMLSchema-instance"
    xsi:schemaLocation="http://www.loc.gov/MARC21/slim http://www.loc.gov/standards/marcxml/schema/MARC21slim.xsd"
    xmlns="http://www.loc.gov/MARC21/slim">

  <leader>01349cam a2200361 i 4500</leader>
  <controlfield tag="001">xx001241374</controlfield>
  <controlfield tag="003">NUKAT</controlfield>
  <controlfield tag="005">20260425212556.0</controlfield>
  <controlfield tag="008">081126s1934    pl           |000 0 pol c</controlfield>
  <datafield tag="035" ind1=" " ind2=" ">
    <subfield code="a">(OCoLC)297814763</subfield>
  </datafield>
  <datafield tag="035" ind1=" " ind2=" ">
    <subfield code="a">(NUKAT)xx001241374</subfield>
  </datafield>
  <datafield tag="040" ind1=" " ind2=" ">
    <subfield code="a">WA U/76EBA</subfield>
    <subfield code="c">WA U/EBA</subfield>
    <subfield code="d">WA U/DP</subfield>
    <subfield code="d">GD PAN/BM</subfield>
  </datafield>
  <datafield tag="100" ind1="1" ind2=" ">
    <subfield code="a">Lepszy, Kazimierz</subfield>
    <subfield code="d">(1904-1964).</subfield>
    <subfield code="9">6941</subfield>
  </datafield>
  <datafield tag="245" ind1="1" ind2="0">
    <subfield code="a">Stra&#x17C;nicy morza Stefana Batorego /</subfield>
    <subfield code="c">Kazimierz Lepszy.</subfield>
  </datafield>
  <datafield tag="260" ind1=" " ind2=" ">
    <subfield code="a">Gda&#x144;sk :</subfield>
    <subfield code="b">nak&#x142;adem Towarzystwa Przyjaci&#xF3;&#x142; Nauki i Sztuki,</subfield>
    <subfield code="c">1934</subfield>
    <subfield code="e">(Gda&#x144;sk :</subfield>
    <subfield code="f">Drukarnia Gda&#x144;ska).</subfield>
  </datafield>
  <datafield tag="300" ind1=" " ind2=" ">
    <subfield code="a">42, [1] s. ;</subfield>
    <subfield code="c">23 cm.</subfield>
  </datafield>
  <datafield tag="336" ind1=" " ind2=" ">
    <subfield code="a">Tekst</subfield>
    <subfield code="b">txt</subfield>
    <subfield code="2">rdacontent</subfield>
  </datafield>
  <datafield tag="337" ind1=" " ind2=" ">
    <subfield code="a">Bez urz&#x105;dzenia po&#x15B;rednicz&#x105;cego</subfield>
    <subfield code="b">n</subfield>
    <subfield code="2">rdamedia</subfield>
  </datafield>
  <datafield tag="338" ind1=" " ind2=" ">
    <subfield code="a">Wolumin</subfield>
    <subfield code="b">nc</subfield>
    <subfield code="2">rdacarrier</subfield>
  </datafield>
  <datafield tag="380" ind1=" " ind2=" ">
    <subfield code="a">Artyku&#x142;y</subfield>
  </datafield>
  <datafield tag="500" ind1=" " ind2=" ">
    <subfield code="a">Odb.: Rocznik Gda&#x144;ski, t. 7, 1933.</subfield>
  </datafield>
  <datafield tag="600" ind1="0" ind2="7">
    <subfield code="a">Stefan Batory</subfield>
    <subfield code="c">(kr&#xF3;l Polski ;</subfield>
    <subfield code="d">1533-1586)</subfield>
    <subfield code="2">DBN</subfield>
    <subfield code="9">40307</subfield>
  </datafield>
  <datafield tag="600" ind1="0" ind2="7">
    <subfield code="a">Stefan Batory</subfield>
    <subfield code="c">(kr&#xF3;l Polski ;</subfield>
    <subfield code="d">1533-1586)</subfield>
    <subfield code="x">i Gda&#x144;sk.</subfield>
    <subfield code="2">kaba</subfield>
    <subfield code="9">40532</subfield>
  </datafield>
  <datafield tag="648" ind1=" " ind2="7">
    <subfield code="a">1501-1600</subfield>
    <subfield code="2">DBN</subfield>
    <subfield code="9">36032</subfield>
  </datafield>
  <datafield tag="650" ind1=" " ind2="7">
    <subfield code="a">Marynarka wojenna</subfield>
    <subfield code="2">DBN</subfield>
    <subfield code="9">40533</subfield>
  </datafield>
  <datafield tag="651" ind1=" " ind2="7">
    <subfield code="a">Polska</subfield>
    <subfield code="2">DBN</subfield>
    <subfield code="9">35076</subfield>
  </datafield>
  <datafield tag="651" ind1=" " ind2="7">
    <subfield code="a">Pomorze Gda&#x144;skie (Polska ; region)</subfield>
    <subfield code="y">16 w.</subfield>
    <subfield code="2">kaba</subfield>
    <subfield code="9">40534</subfield>
  </datafield>
  <datafield tag="651" ind1=" " ind2="7">
    <subfield code="a">Pomorze (region)</subfield>
    <subfield code="y">16 w.</subfield>
    <subfield code="2">kaba</subfield>
    <subfield code="9">40535</subfield>
  </datafield>
  <datafield tag="655" ind1=" " ind2="7">
    <subfield code="a">Nadbitki i odbitki</subfield>
    <subfield code="2">DBN</subfield>
    <subfield code="9">38727</subfield>
  </datafield>
  <datafield tag="658" ind1=" " ind2=" ">
    <subfield code="a">Bezpiecze&#x144;stwo i wojskowo&#x15B;&#x107;</subfield>
  </datafield>
  <datafield tag="658" ind1=" " ind2=" ">
    <subfield code="a">Historia</subfield>
  </datafield>
  <datafield tag="942" ind1=" " ind2=" ">
    <subfield code="2">ddc</subfield>
    <subfield code="c">BK_NM</subfield>
  </datafield>
  <datafield tag="999" ind1=" " ind2=" ">
    <subfield code="c">27771</subfield>
    <subfield code="d">27771</subfield>
  </datafield>
  <datafield tag="952" ind1=" " ind2=" ">
    <subfield code="0">0</subfield>
    <subfield code="1">0</subfield>
    <subfield code="2">ddc</subfield>
    <subfield code="4">0</subfield>
    <subfield code="7">0</subfield>
    <subfield code="8">PBKH</subfield>
    <subfield code="a">BIP</subfield>
    <subfield code="b">PBKH</subfield>
    <subfield code="d">2026-04-25</subfield>
    <subfield code="e">K-18/1965</subfield>
    <subfield code="i">15956</subfield>
    <subfield code="l">0</subfield>
    <subfield code="o">15956</subfield>
    <subfield code="p">IPWK23811</subfield>
    <subfield code="r">2026-04-25 21:26:45</subfield>
    <subfield code="w">2026-04-25</subfield>
    <subfield code="y">BK_NM</subfield>
  </datafield>
</record>
